| 000 | 00365nam a2200145Ia 4500 | ||
|---|---|---|---|
| 008 | 230917s9999||||xx |||||||||||||| ||und|| | ||
| 040 |
_e172496 _aMAIN |
||
| 041 | _aEnglish | ||
| 082 | _a616.0756 G699T | ||
| 100 | _aGoswami, Chinmoy | ||
| 245 | 0 | _aTextbook of laboratory techniques | |
| 260 |
_aNew Delhi _bWisdom Press _c2011 |
||
| 300 | _a296 p. | ||
| 942 | _cBK | ||
| 999 |
_c156132 _d156132 |
||